Central Library OPAC University of Rajshahi

The letters of Samuel Pepys and his family circle / (Record no. 22739)

MARC details
000 -LEADER
fixed length control field 00781nam a2200241 a 4500
001 - CONTROL NUMBER
control field 22739
003 - CONTROL NUMBER IDENTIFIER
rucl marc code BD-RjUL
005 - DATE AND TIME OF LATEST TRANSACTION
control field 20211209000839.0
008 - FIXED-LENGTH DATA ELEMENTS--GENERAL INFORMATION
fixed length control field 140309s1955 enk 00000 eng d
035 ## - SYSTEM CONTROL NUMBER
System control number (BD-RjUL)22804
System control number (BD-RjUL)
040 ## - CATALOGING SOURCE
Original cataloging agency BD-RjUL
Language of cataloging eng
Transcribing agency BD-RjUL
041 ## - LANGUAGE CODE
Language code of text/sound track or separate title eng
082 04 - DEWEY DECIMAL CLASSIFICATION NUMBER
Classification number 941.0660924
Author mark and year PEL 1955
100 10 - MAIN ENTRY--PERSONAL NAME
Personal name Pepys, Samuel,
Dates associated with a name 1633-1703.
9 (RLIN) 70146
245 14 - TITLE STATEMENT
Title The letters of Samuel Pepys and his family circle /
Statement of responsibility, etc. edited by Helen Truesdell Heath.
260 0# - PUBLICATION, DISTRIBUTION, ETC. (IMPRINT)
Place of publication, distribution, etc. Oxford :
Name of publisher, distributor, etc. Clarendon Press,
Date of publication, distribution, etc. 1955.
300 ## - PHYSICAL DESCRIPTION
Pagination xl, 253 p. :
Illustrations facsim., geneal. tables, port. ;
Size 23 cm.
500 ## - GENERAL NOTE
General note "Previous editions of the letter": p. 246.
600 10 - SUBJECT ADDED ENTRY--PERSONAL NAME
Personal name Pepys, Samuel,
Dates associated with a name 1633-1703.
700 10 - ADDED ENTRY--PERSONAL NAME
Personal name Heath, Helen Truesdell,
942 ## - ADDED ENTRY ELEMENTS (KOHA)
Source of classification or shelving scheme Dewey Decimal Classification
Koha item type Books
Holdings
Lost status Source of classification or shelving scheme Damaged status Not for loan Collection code Permanent Location Current Location Shelving location Date acquired Source of acquisition Cost, normal purchase price Total Checkouts Full call number Date last seen Copy number Koha item type
  Dewey Decimal Classification   Added to bundle Non-fiction Central Library, University of Rajshahi Central Library, University of Rajshahi Reading Room 09/08/1955 O.U.P 15.00   941.0660924 PEL 1955 09/03/2014 C-1 Books